00814nam a2200193 a 4500008004100000050001300041100002300054245010500077260004100182300001300223350000900236490004600245650006000291650001400351710001500365995010000380999001700480952012300497060823s2005 ||||||||||||||||| || u aIBRD(08) aNicita, Alessandro10aMultilateral trade liberalization and Mexican households: the effects of the Doha development agenda aWashington, D. C.:bWorld Bankc2005 a30p.;ill a0.00 aWorld Bank policy research working papers aGLOBAL TRADE REFORMS--RESEARCH--MEXICAN HOUSEHOUSEHOLDS 0aECONOMICS aWorld Bank D0.00FCBU-MAIN LIBRARY (Kitwe)H1I0.00M1UAVAILABLEWAug 23, 2006ZInternational Publications c51766d51766 00102lcc4070a001b001cInternational Publicationsd2022-11-30l0oIBRD(08)pZ03000978r2022-11-30w2022-11-30y002